| 000 | 00547cam a22002051 4500 | ||
|---|---|---|---|
| 001 | af 49000833 | ||
| 003 | DLC | ||
| 005 | 20260227110917.0 | ||
| 008 | 780128s1935 xx 000 0 ger c | ||
| 010 | _aaf 49000833 | ||
| 035 | _a(OCoLC)3586691 | ||
| 040 |
_aWisconsin Univ. Libr. _cScCC _dDLC |
||
| 042 | _apremarc | ||
| 050 | 0 | 0 |
_aPT1837.C5 _bA6 1935a |
| 100 | 1 |
_aClaudius, Matthias, _d1740-1815. |
|
| 245 | 0 | 0 | _aClaudius. |
| 260 |
_a[Berlin, _bR. Oldenbourg, _c1935] |
||
| 300 |
_a31 p. _bport. _c21 cm. |
||
| 440 | 0 |
_aDeutsche Gedichte, Heft _v8 |
|
| 999 |
_c6751 _d6751 |
||